| 000 | 00780nam a2200229 a 4500 | ||
|---|---|---|---|
| 001 | 000033958 | ||
| 003 | OSt | ||
| 005 | 20250307073710.0 | ||
| 008 | 110914s1939 ag 000 0 spa d | ||
| 040 |
_aDO-SdBNP _bspa _cBNPHU |
||
| 082 | 4 |
_a465 _bA454g, 1939 _222 |
|
| 100 | 1 |
_aAlonso, Amado _937593 |
|
| 245 | 1 | 0 |
_aGramática castellana : _bsegundo curso / _cAmado Alonso, Pedro Henríquez Ureña. |
| 260 |
_aBuenos Aires, Argentina : _bLosada, _c1939. |
||
| 300 |
_a239 p. ; _c21 cm. |
||
| 500 | _aManual adaptado a los programas vigentes en la enseñanza secundaria. | ||
| 590 | _aInventariado, 2019/DG | ||
| 650 | 4 |
_aEspañol _x Gramática _93475 |
|
| 700 | 1 |
_aHenríquez Ureña, Pedro, _d1884-1946 _91718 |
|
| 910 | _aValidado. Control de calidad MFF | ||
| 942 |
_2ddc _cLBS1 |
||
| 999 |
_c33449 _d33449 |
||